LEADER 01428nam 2200493 450 001 9910467114303321 005 20200520144314.0 010 $a1-4982-0513-5 035 $a(CKB)3710000001403976 035 $a(MiAaPQ)EBC4875960 035 $a(Au-PeEL)EBL4875960 035 $a(CaPaEBR)ebr11396936 035 $a(OCoLC)990616765 035 $a(EXLCZ)993710000001403976 100 $a20170710h20152015 uy 0 101 0 $aeng 135 $aurcnu|||||||| 181 $2rdacontent 182 $2rdamedia 183 $2rdacarrier 200 10$aBiblical narrative learning $eteaching adequate faith in the Gospel of John /$fTung Chiew Ha 210 1$aEugene, Oregon :$cPickwick Publications,$d2015. 210 4$dİ2015 215 $a1 online resource (220 pages) 311 $a1-62564-127-3 320 $aIncludes bibliographical references. 606 $aNarration (Rhetoric) 606 $aStorytelling 606 $aLearning strategies 606 $aFaith$xBiblical teaching 608 $aElectronic books. 615 0$aNarration (Rhetoric) 615 0$aStorytelling. 615 0$aLearning strategies. 615 0$aFaith$xBiblical teaching. 676 $a226.506 700 $aHa$b Tung Chiew$01051872 801 0$bMiAaPQ 801 1$bMiAaPQ 801 2$bMiAaPQ 906 $aBOOK 912 $a9910467114303321 996 $aBiblical narrative learning$92482691 997 $aUNINA LEADER 00967nas 2200313 n 450 001 9910172133803321 005 20241223110447.0 035 $a(CKB)110975506070089 035 $a(CONSER) 76641328 035 $a(MiAaPQ)48970 035 $a(MiFhGG)2HUG 035 $a(EXLCZ)99110975506070089 100 $a20751112a19759999 uy a 101 0 $aeng 181 $ctxt$2rdacontent 182 $cc$2rdamedia 183 $acr$2rdacarrier 200 00$aAutomotive engineer 210 $a[London]$a[New York]$c[Mechanical Engineering Publications Ltd.] 215 $a1 online resource 311 08$aPrint version: Automotive engineer. 0307-6490 (DLC) 76641328 (OCoLC)1829098 606 $aAutomobiles$xDesign and construction$vPeriodicals 615 0$aAutomobiles$xDesign and construction 676 $a629.2/05 906 $aJOURNAL 912 $a9910172133803321 920 $aexl_impl conversion 996 $aAutomotive engineer$9799820 997 $aUNINA